Datum a čas kvízu
24
Celkem bodů
Celkový počet nahraných bodů na tomto kvízu bez doplňovacích otázek.
10.
Pořadí na kvízu
Konečné umístění týmu na tomto kvízu.
Zaznamenané odpovědi
| # | Otázka | Odpověď | Body | Výsledky |
|---|---|---|---|---|
| 1. | Kandidátka SPOLU do červnových... | Hayato Okamura | 0 | |
| 2. | Jistá země od noci na pátek na... | Kazachstán | 0 | |
| 3. | Jak se jmenuje 88letý zahranič... | Alain Delon | 1 | |
| 4. | Úřad pro ochranu hospodářské s... | Pernod Ricard | 0 | |
| 5. | Jak se jmenuje dosavadní šéf Č... | Ivo Kaderka | 0 | |
| 6. | Napište český i latinský název... | kost stehenní, femur (os femoris) | 1 | |
| 7. | Ve kterém kraji České republik... | v Královéhradeckém | 0 | |
| 8. | Antropoložce Brennanové, hlavn... | Temperance | 1 | |
| 9. | Kterému zvířeti patří tato kos... | hrochovi | 1 | |
| 10. | V září roku 2012 byla pod park... | Richard III. | 0 |